Online Catalogue and eLibrary

Kadavular kathaikal (Record no. 3557)

MARC details
000 -LEADER
fixed length control field 00368nam a2200145Ia 4500
005 - DATE AND TIME OF LATEST TRANSACTION
control field 20250422014310.0
008 - FIXED-LENGTH DATA ELEMENTS--GENERAL INFORMATION
fixed length control field 240331s9999 xx 000 0 und d
082 ## - DDC Classification
Item Number - Author Mark SAM
Class No. 200
100 ## - MAIN ENTRY--PERSONAL NAME
Personal name Sami
245 #0 - TITLE STATEMENT
Title Kadavular kathaikal
260 ## - PUBLICATION, DISTRIBUTION, ETC.
Place of publication, distribution, etc. Chennai
Name of publisher, distributor, etc. Periyar Suyamariyathai pirasar niruvan veliyidu
Date of publication, distribution, etc. 1994
300 ## - PHYSICAL DESCRIPTION
Extent (e.g. Volumes, Pages etc.) 41 p .,
650 ## - SUBJECT ADDED ENTRY--TOPICAL TERM
Topical term or geographic name entry element Short Stories
942 ## - Koha item type (Biblio)
Koha item type Books in Stacks (Lending)
Holdings
Lost status Damaged status Collection code Home library Current library Shelving location Date acquired Full call number Accession Number Item type
    Lending WERC Library WERC Library Social Science Cupboard 03/31/2024 200 SAM 2164 Books in Stacks (Lending)

© WERC Library